LEADER 01460nam a2200301 u 4500 001 000000005674 003 CaOOAMICUS 005 20070226104804.0 008 941013s1968 it f u000 u ita u 035 $a10144226 040 $aPUL(R)$bita 041 1 $aita$hspa 100 1 $aValdés, Alfonso de,$d1498-1532.$0(OLS)http://pul/name/5833 245 10$aDue dialoghi /$cAlfonso de Valdés ; traduzione italiana del secolo XVI a cura di Giuseppe De Gennaro. 260 $aNapoli :$bIstituto Universitario Orientale,$c1968. 300 $axciii, 440 p. :$btav ;$c25 cm 490 1 $aPubblicazioni della Sezione Romanza dell'Istituto Universitario Orientale.$aTesti ;$v4 500 $aDialogo di Mercurio et Caronte - Dialogo delle cose successe a Roma. 504 $aBibliografia: p. [435]-440. 700 1 $aDe Gennaro, Giuseppe,$cS.I.,$d1932-$0(OLS)http://pul/name/5834 710 2 $aIstituto universitario orientale (Napoli).$bSezione romanza.$0(OLS)http://pul/name/5835 830 0$aPubblicazioni della Sezione Romanza dell'Istituto Universitario Orientale.$pTesti ;$v4.$0(OLS)http://pul/title/8317 850 $aPUL 852 $aPUL$W1$xSL Filosofia 1$y2$m117 B 42$j7967$nBK-PRI$b $qStampati$B7967$CPULBib$Z2$F7967 $H $81 941 1 $a8 961 $aINV: 31565 996 $6245$aDue dialoghi$9(OLS)http://pul/title/8316 996 $6260$aNapoli :$bIstituto Universitario Orientale$9(OLS)http://pul/publisher/50964 LEADER 01321nam a2200301 u 4500 001 000000038232 003 CaOOAMICUS 005 20070226113844.0 008 980421s1992 it u000 u ita u 020 $a8810501624 035 $a10791445 040 $aPUL(R)$bita 100 1 $aPeri, Vittorio,$csac.,$d1932-2006.$0(OLS)http://pul/name/789 245 10$aCelebrare il matrimonio :$bcommento giuridico-pastorale al decreto generale della CEI sul matrimonio canonico /$cVittorio Peri. 260 $aBologna :$bEDB,$c1992. 300 $a164 p. ;$c19 cm 490 1 $aCammini di chiesa ;$v12 500 $aBibliografia in nota. 650 4$aMatrimonio (diritto canonico).$0(OLS)http://pul/subject/475 830 0$aCammini di chiesa (EDB) ;$v12.$0(OLS)http://pul/title/49363 850 $aPUL 852 $aPUL$W1$xSL Diritto Canonico 1$y5$m152 C 71$j52132$nBK-PRI$b $qStampati$B52132$CPULBib$Z2$F52132 $H $81 941 1 $a8 960 $aDiritto matrimoniale canonico$9475 961 $aINV: 68592 996 $6020$a8810501624$9(OLS)http://pul/number/47684 996 $6245$aCelebrare il matrimonio :$bcommento giuridico-pastorale al decreto generale della CEI sul matrimonio canonico$9(OLS)http://pul/title/51961 996 $6260$aBologna :$bEDB$9(OLS)http://pul/publisher/56073